The eyes of Gray Wolf /

On a cold northern night, a restless gray wolf encounters an unknown wolf pack, from which a young white wolf steps out and they become mates.

Bibliographic Details
Main Author: London, Jonathan, 1947-
Other Authors: Van Zyle, Jon (Illustrator)
Format: Book
Language:English
Published: San Francisco : Chronicle Books, [1993]
Subjects:

MARC

Tag First Indicator Second Indicator Subfields
LEADER 00000cam a2200000 a 4500
001 in00001406787
005 20151020072929.0
008 921023s1993 caua j 000 1 eng
010 |a  92035987  
020 |a 081180285X :  |c $13.95 
035 |a (OCoLC)27148623 
035 |9 AHQ3743AM 
040 |a DLC  |c DLC  |d UtOrBLW 
049 |a TXAG 
050 0 0 |a PZ10.3.L8534  |b Ey 1993 
082 0 0 |a [E]  |2 20 
100 1 |a London, Jonathan,  |d 1947- 
245 1 4 |a The eyes of Gray Wolf /  |c by Jonathan London ; illustrated by Jon Van Zyle. 
264 1 |a San Francisco :  |b Chronicle Books,  |c [1993] 
264 4 |c ©1993 
300 |a 1 volume (unpaged) :  |b color illustrations ;  |c 26 cm. 
336 |a text  |b txt  |2 rdacontent 
337 |a unmediated  |b n  |2 rdamedia 
338 |a volume  |b nc  |2 rdacarrier 
520 |a On a cold northern night, a restless gray wolf encounters an unknown wolf pack, from which a young white wolf steps out and they become mates. 
650 0 |a Wolves  |x Juvenile fiction. 
650 1 |a Wolves  |x Fiction. 
700 1 |a Van Zyle, Jon,  |e illustrator. 
999 |a MARS 
999 f f |s d0cb80f0-0032-3c46-8a3c-294f691f0340  |i a7ce6c3e-7317-3577-ba4b-02b6627067fe  |t 0 
952 f f |p ric  |a Texas A&M University  |b Rellis Campus  |c Joint Library Facility  |d Remote Storage  |t 0  |e PZ10.3.L8534 Ey 1993  |h Library of Congress classification  |i unmediated -- volume  |m A14822240885 
998 f f |a PZ10.3.L8534 Ey 1993  |t 0  |l Remote Storage